=LDR 00000nam 2200000 4500 =001 INLIS000000000049249 =005 20210125093843 =035 ##$$a 0010-021700000000041 =008 210125################g##########0#ind## =041 ##$$a ind =082 ##$$a 352.145 986 532 =090 ##$$a 321.8, Ruh m =100 1#$$a Ruhpina, Lalu Said =245 1#$$a Menuju demokrasi pemerintahan /$c H.L. Said Ruhpina, S.H.,M.S. =260 ##$$a Mataram :$b Universitas Mataram Press,$c 2005 =300 ##$$a xii, 260 hlm. ; $c 14,5x21 cm. =650 #4$$a Bima - Pemerintahan =850 ##$$a NBPNMAT =020 ##$$a 979-98879-4-4 =084 ##$$a 352.145 986 532 Sai m =504 ##$$a Bibliografi : hlm.259 =990 ##$$a 00085245 =990 ##$$a 21009892 =990 ##$$a 00089113 =990 ##$$a 21400613/BPAP-NTB/20142014 =990 ##$$a 21604865 =990 ##$$a 21604866 =990 ##$$a 21604867 =990 ##$$a 21604868 =990 ##$$a 157/46/2017 =990 ##$$a 23.692 pb.2011 =990 ##$$a 157/46/2017 =990 ##$$a 00085245 =990 ##$$a 21009892 =990 ##$$a 00089113 =990 ##$$a 21400613/BPAP-NTB/20142014 =990 ##$$a 21604865 =990 ##$$a 21604866 =990 ##$$a 21604867 =990 ##$$a 21604868 =990 ##$$a 23.692 pb.2011 =990 ##$$a 157/46/2017 =990 ##$$a 00085245 =990 ##$$a 21009892 =990 ##$$a 00089113 =990 ##$$a 21400613/BPAP-NTB/20142014 =990 ##$$a 21604865 =990 ##$$a 21604866 =990 ##$$a 21604867 =990 ##$$a 157/46/2017 =990 ##$$a 23.692 pb.2011 =990 ##$$a 157/46/2017 =990 ##$$a 00085245 =990 ##$$a 21009892 =990 ##$$a 00089113 =990 ##$$a 21400613/BPAP-NTB/20142014 =990 ##$$a 21604865 =990 ##$$a 21604866 =990 ##$$a 157/46/2017 =990 ##$$a 157/46/2017 =990 ##$$a 23.692 pb.2011 =990 ##$$a 157/46/2017 =990 ##$$a 00085245 =990 ##$$a 21009892 =990 ##$$a 00089113 =990 ##$$a 21400613/BPAP-NTB/20142014 =990 ##$$a 21604865 =990 ##$$a 157/46/2017 =990 ##$$a 157/46/2017 =990 ##$$a 157/46/2017 =990 ##$$a 23.692 pb.2011